|
|
|
|
| LEADER |
00000nam0a2200000 4500 |
| 001 |
300716 |
| 005 |
20231102001329.0 |
| 020 |
|
|
|a RU
|b 82-91955
|
| 035 |
|
|
|a (RuTPU)RU\TPU\book\325869
|
| 090 |
|
|
|a 300716
|
| 100 |
|
|
|a 20150715d1982 km y0rusy5003 ca
|
| 101 |
0 |
|
|a rus
|
| 102 |
|
|
|a UA
|
| 105 |
|
|
|a y z 100zy
|
| 200 |
1 |
|
|a Микробиология очистки воды
|e тезисы докладов I Всесоюзной конференции (Киев, 7-10 дек. 1982 г.)
|f Академия наук СССР (АН СССР), Институт биохимии и физиологии микроорганизмов им. Г. К. Скрябина (ИБФМ) ; Академия наук Украинской ССР (АН УССР), Институт коллоидной химии и химии воды им. А. В. Думанского ; под ред. А. Т. Пилипенко
|
| 210 |
|
|
|a Киев
|c Наукова думка
|d 1982
|
| 215 |
|
|
|a 241 с.
|
| 606 |
1 |
|
|a Сточные воды
|x Очистка
|x Биологический способ
|2 stltpush
|3 (RuTPU)RU\TPU\subj\57142
|9 75006
|
| 610 |
1 |
|
|a биоочистка
|
| 610 |
1 |
|
|a микробиология
|
| 610 |
1 |
|
|a конференции
|
| 610 |
1 |
|
|a биохимические методы
|
| 610 |
1 |
|
|a органические вещества
|
| 610 |
1 |
|
|a микроорганизмы
|
| 610 |
1 |
|
|a обеззараживание
|
| 610 |
1 |
|
|a Киев
|
| 675 |
|
|
|a 628.35(063)
|z rus
|v 3
|
| 702 |
|
1 |
|a Пилипенко
|b А. Т.
|g Анатолий Терентьевич
|4 340
|
| 712 |
0 |
2 |
|a Академия наук СССР (АН СССР)
|b Институт биохимии и физиологии микроорганизмов им. Г. К. Скрябина (ИБФМ)
|c (Пущино)
|2 stltpush
|3 (RuTPU)RU\TPU\col\14662
|
| 712 |
0 |
2 |
|a Академия наук Украинской ССР (АН УССР)
|b Институт коллоидной химии и химии воды им. А. В. Думанского
|c (Киев)
|2 stltpush
|3 (RuTPU)RU\TPU\col\11823
|
| 712 |
1 |
2 |
|a Микробиология очистки воды
|c конферекция
|d 1
|e Киев
|f 1982
|4 570
|
| 801 |
|
0 |
|a RU
|b RuMRKP
|c 19950704
|g psbo
|
| 801 |
|
1 |
|a RU
|b 63413507
|c 20150715
|
| 801 |
|
2 |
|a RU
|b 63413507
|c 20190531
|g RCR
|
| 942 |
|
|
|c BK
|